[Event "European Ind w 2012"]
[Site "Gaziantep TUR"]
[Date "2012.03.13"]
[Round "11"]
[White "Kosintseva,N"]
[Black "Javakhishvili,L"]
[Result "1/2-1/2"]
[WhiteElo "2535"]
[BlackElo "2448"]

1.e4 c5 2.Nf3 e6 3.d4 cxd4 4.Nxd4 Nc6 5.Nc3 Qc7 6.Be3 Nf6 7.f4 Qb6 8.a3 Bc5
9.Na4 Qa5+ 10.c3 Bxd4 11.Bxd4 Nxd4 12.Qxd4 d6 13.Qb4 Qxb4 14.axb4 Rb8 15.e5 dxe5
16.fxe5 Nd7 17.Nc5 a6 18.Nxd7 Bxd7 19.Kf2 Ke7 20.Be2 Bc6 21.Rhd1 f6 22.exf6+ gxf6
23.g3 f5 24.Rd4 Rbd8 25.Rad1 h6 26.Rxd8 Rxd8 27.Rxd8 Kxd8 28.Ke3 Ke7 29.h4 e5
30.Bd3 Kf6 31.Be2 Ke6 32.Bc4+ Kf6 33.Be2 Bd7 34.Bd1 Bc6 35.Be2 Ke6 36.Bc4+ Kf6
37.Be2 Ke6 38.Bc4+ Kf6 39.Be2 Ke6 40.Bc4+ Kf6 41.Be2  1/2-1/2

[Event "European Ind w 2012"]
[Site "Gaziantep TUR"]
[Date "2012.03.13"]
[Round "11"]
[White "Makropoulou,M"]
[Black "Galojan,L"]
[Result "1/2-1/2"]
[WhiteElo "2224"]
[BlackElo "2364"]

1.e4 c5 2.Nf3 e6 3.d4 cxd4 4.Nxd4 Nc6 5.Nc3 Qc7 6.f4 a6 7.Nxc6 Qxc6 8.Bd3 b5
9.Qe2 Bb7 10.Bd2 Bc5 11.O-O-O Ne7 12.a3 O-O 13.Rhe1 f5 14.g4 Rac8 15.Kb1 Kh8
16.gxf5 exf5 17.Qh5 Qg6 18.Qh3 Qg4 19.Qf1 d5 20.h3 Qg3 21.exf5 Nxf5 22.Re5 Ne3
23.Bxe3 Bxe3 24.Nxd5 Bxf4 25.Nxf4 Qxf4 26.Qe1 Bc6 27.Rd2 Rf6 28.Rde2 Rcf8
29.Qa5 Bf3 30.Re1 Qh6 31.Re8 Bh5 32.Rxf8+ Rxf8 33.a4 Qd6 34.axb5 axb5 35.Qxb5 Qg3
36.Qb4 Rb8 37.Qe4 Bg6 38.Qe5 Qxe5 39.Rxe5 Bxd3 40.cxd3 h6 41.Kc2 g5 42.d4 Kg7
43.Kc3 Kf6 44.b4 h5 45.Kc4 g4 46.Rxh5 g3 47.Ra5 Rg8 48.Ra1 Kg5 49.b5 Kh4
50.b6 g2 51.Rg1 Kxh3 52.d5 Kh2 53.Rxg2+ Kxg2 54.d6 Kf3 55.Kd5 Kf4 56.d7 Kf5
57.Kd6 Kf6 58.b7 Rd8 59.Kc7 Ke7  1/2-1/2

[Event "Reykjavik Open"]
[Site "Reykjavik ISL"]
[Date "2012.03.13"]
[Round "9.20"]
[White "Ziska,H"]
[Black "Perez,Fl"]
[Result "1-0"]
[WhiteElo "2456"]
[BlackElo "2269"]

1.e4 c5 2.Nf3 e6 3.d4 cxd4 4.Nxd4 Nc6 5.Nc3 Qc7 6.Be3 a6 7.Bd3 Nf6 8.O-O h5
9.h3 b5 10.Re1 Bb7 11.Nf3 Be7 12.Qd2 O-O 13.Bg5 d6 14.a4 b4 15.Na2 a5 16.c3 bxc3
17.Nxc3 Nb4 18.Nb5 Qd8 19.Bb1 d5 20.Bxf6 Bxf6 21.e5 Be7 22.Nbd4 Rc8 23.Ra3 Ba6
24.g4 h4 25.Rc3 Rc4 26.Rec1 Qb6 27.b3 Rxc3 28.Rxc3 Bc5 29.Qg5 Bxd4 30.Qh5 Rc8
31.Ng5 Qa7 32.Bh7+ Kf8 33.Nxe6+ Ke7 34.Qg5+ Kxe6 35.Bf5+ Kxe5 36.Bxc8+ Kd6
37.Qd8+ Ke5 38.Qg5+ Kd6 39.Qd8+ Ke5 40.Rc7 Bxf2+ 41.Kg2 Qb6 42.Qg5+ Kd4 43.Qf4+ Kd3
44.Bf5+ Ke2 45.Qf3+  1-0

[Event "Reykjavik Open"]
[Site "Reykjavik ISL"]
[Date "2012.03.13"]
[Round "9.18"]
[White "Libiszewski,F"]
[Black "Lemeaux,D"]
[Result "1-0"]
[WhiteElo "2523"]
[BlackElo "2287"]

1.e4 c5 2.Nf3 e6 3.d4 cxd4 4.Nxd4 Nc6 5.Nc3 Qc7 6.f4 a6 7.Nxc6 bxc6 8.Bd3 d6
9.O-O Nf6 10.Qf3 Nd7 11.b3 Be7 12.Bb2 e5 13.Ne2 Bf6 14.f5 Bb7 15.Ng3 Be7
16.Nh5 Rg8 17.Kh1 Nf6 18.Rfe1 Nxh5 19.Qxh5 h6 20.Rad1 Bg5 21.Bc4 Rf8 22.Qe2 Ke7
23.Ba3 c5 24.Rd3 a5 25.Red1 Rfd8 26.h4 Bf6 27.Qh5 Ke8 28.Rxd6 Rxd6 29.Rxd6 Qxd6
30.Qxf7+ Kd8 31.Qxb7 Rb8 32.Qa7 Rc8 33.Qxa5+ Ke8 34.Be6 Rc7 35.Qa8+ Bd8 36.Bd5 Qf6
37.g3 Qb6 38.Qa4+ Kf8 39.Qc4 Be7 40.Bb2 Bd6 41.Bc3 Ra7 42.a4 Qa6 43.Kg2 Qxc4
44.Bxc4 Bc7 45.Kf3 Ke7 46.a5 Rxa5 47.Bxa5 Bxa5 48.Ke2 Kd6 49.Bd5 Bd8 50.Kd3 Ba5
51.c3 Bd8 52.Kc4 Be7 53.Bf7 Kc6 54.Be8+ Kd6 55.Kb5 Kc7 56.Bh5 Bf8 57.Bd1 Be7
58.b4 cxb4 59.c4 b3 60.Bxb3 Ba3 61.c5 Bb2 62.g4 Bd4 63.Kc4 Bf2 64.g5 hxg5
65.hxg5 Be3 66.f6 gxf6 67.g6 Bh6 68.Kd5 Kd7 69.Ba4+ Ke7 70.c6 Kd8 71.Ke6  1-0

[Event "Reykjavik Open"]
[Site "Reykjavik ISL"]
[Date "2012.03.13"]
[Round "9.12"]
[White "Thorhallsson,T"]
[Black "Halkias,S"]
[Result "0-1"]
[WhiteElo "2398"]
[BlackElo "2588"]

1.e4 c5 2.Nf3 e6 3.d4 cxd4 4.Nxd4 Nc6 5.Nc3 Qc7 6.Be3 a6 7.Qd2 Nf6 8.O-O-O Bb4
9.f3 Ne5 10.a3 Bxc3 11.Qxc3 Qxc3 12.bxc3 d5 13.exd5 Nxd5 14.Bd2 Nb6 15.Kb1 Bd7
16.Bf4 Nec4 17.Ka2 Rc8 18.Bxc4 Rxc4 19.Rd3 Nd5 20.Bd2 O-O 21.Kb2 Nb6 22.Ka2 e5
23.Nb3 Be6 24.Re1 Ra4 25.Bc1 Bf5 26.Rxe5 Bxd3 27.cxd3 Rh4 28.h3 Na4 29.Bd2 f6
30.Re7 Rc8 31.Nd4 Nxc3+ 32.Bxc3 Rxc3 33.Nf5 Rh5 34.Re8+ Kf7 35.Nd6+ Kg6 36.f4 Rxd3
37.f5+ Rxf5  0-1

[Event "ch-CZE U20 2012"]
[Site "Kouty nad Desnou CZE"]
[Date "2012.03.14"]
[Round "7"]
[White "Vlasak,Lu"]
[Black "Krejci,Jan2"]
[Result "1/2-1/2"]
[WhiteElo "2270"]
[BlackElo "2486"]

1.e4 c5 2.Nf3 e6 3.d4 cxd4 4.Nxd4 Nc6 5.Nc3 Qc7 6.Be2 a6 7.O-O Nf6 8.Be3 Be7
9.f4 d6 10.Qe1 O-O 11.Rd1 Na5 12.Qg3 Nc4 13.Bxc4 Qxc4 14.e5 Ne8 15.Ne4 d5
16.b3 Qc7 17.Ng5 Bd7 18.h4 h6 19.Ngf3 h5 20.Qe1 g6 21.Bd2 Bc5 22.Bb4 b6 23.Kh1 Ng7
24.a4 Rfc8 25.Bd2 b5 26.a5 Nf5 27.Nxf5 exf5 28.b4 Ba7 29.c3 Qc4 30.Rc1 Qd3
31.Nd4 Bxd4 32.cxd4 Rxc1 33.Bxc1 Qxd4 34.Qd2 Qc4 35.Rd1 Be6 36.Bb2 Qb3 37.Bd4 Rc8
38.Bc5 Qg3 39.Qf2 Qb3 40.Qd4 Qc2 41.Rd2 Qe4 42.Kh2 Qe1 43.Qf2 Qc1 44.Qd4 Qe1  1/2-1/2

[Event "European Ind w Rapid 2012"]
[Site "Gaziantep TUR"]
[Date "2012.03.15"]
[Round "3"]
[White "Muzychuk,M"]
[Black "Girya,O"]
[Result "1-0"]
[WhiteElo "2490"]
[BlackElo "2406"]

1.e4 c5 2.Nc3 e6 3.Nf3 Nc6 4.d4 cxd4 5.Nxd4 Qc7 6.Be3 Nf6 7.Qd2 a6 8.O-O-O Be7
9.f3 O-O 10.g4 b5 11.g5 Ne8 12.h4 Bb7 13.h5 Ne5 14.g6 fxg6 15.hxg6 Nxg6 16.Qg2 Rc8
17.Bd3 Nf4 18.Bxf4 Qxf4+ 19.Kb1 e5 20.Nd5 Bxd5 21.exd5 h6 22.Ne2 Qf6 23.Rdg1 Bc5
24.Rf1 Nd6 25.Ng3 Qg5 26.Rh5 Qf6 27.Nf5 Nxf5 28.Rxf5 Qd6 29.Qg4 Qxd5 30.Rh1 Qe6
31.Rhh5 Rxf5 32.Bxf5 Qd6 33.Rh1 Rd8 34.Bd3 Qf6 35.Qe4 d5 36.Qh7+ Kf7 37.Rh5  1-0

[Event "European Ind w Rapid 2012"]
[Site "Gaziantep TUR"]
[Date "2012.03.15"]
[Round "6"]
[White "Bodnaruk,A"]
[Black "Charochkina,D"]
[Result "1-0"]
[WhiteElo "2412"]
[BlackElo "2371"]

1.e4 c5 2.Nc3 Nc6 3.Nge2 e6 4.d4 cxd4 5.Nxd4 d6 6.g3 Nf6 7.Bg2 Bd7 8.O-O a6
9.Be3 Be7 10.f4 O-O 11.Kh1 Rc8 12.Qe2 Qc7 13.Rad1 Nxd4 14.Bxd4 e5 15.Be3 Bg4
16.Bf3 Bxf3+ 17.Qxf3 Qc4 18.g4 exf4 19.Bxf4 Qe6 20.h3 Rc4 21.Rfe1 Nd7 22.Rd5 Nb6
23.Rdd1 Rd8 24.b3 Rc6 25.Nd5 Nd7 26.c4 Nc5 27.e5 Bh4 28.Bg3 Bxg3 29.Qxg3 Kf8
30.Qh4 Re8 31.exd6 Qxd6 32.Qxh7 Qh6 33.Rxe8+ Kxe8 34.Qg8+ Kd7 35.Qxf7+  1-0

[Event "European Ind w Rapid 2012"]
[Site "Gaziantep TUR"]
[Date "2012.03.15"]
[Round "8"]
[White "Bodnaruk,A"]
[Black "Dzagnidze,N"]
[Result "1/2-1/2"]
[WhiteElo "2412"]
[BlackElo "2559"]

1.e4 c5 2.Nf3 e6 3.Nc3 Nc6 4.d4 cxd4 5.Nxd4 Qc7 6.Be3 a6 7.Qd2 Nf6 8.O-O-O Bb4
9.f3 b5 10.Bf4 Ne5 11.Nc6 Qxc6 12.Bxe5 Be7 13.g4 Bb7 14.Bd3 O-O 15.Kb1 Rfd8
16.Bd4 d6 17.g5 Nd7 18.f4 b4 19.Ne2 e5 20.Be3 Nc5 21.Ng3 d5 22.exd5 Rxd5
23.Bxc5 Bxc5 24.f5 Rd4 25.Rhe1 Qd6 26.Qe2 e4 27.Nxe4 Bxe4 28.Bxe4 Re8 29.Rxd4 Qxd4
30.Qd3 Kf8 31.Qxd4 Bxd4 32.Re2 g6 33.fxg6 hxg6 34.Bf3 a5 35.h4 Rxe2 36.Bxe2 Bf2
37.h5 Be3 38.hxg6 fxg6 39.c3 Bxg5 40.cxb4 axb4 41.Kc2 Kg7 42.Kb3 Be7 43.a3  1/2-1/2

[Event "European Ind w Rapid 2012"]
[Site "Gaziantep TUR"]
[Date "2012.03.15"]
[Round "9"]
[White "Videnova,I"]
[Black "Galojan,L"]
[Result "0-1"]
[WhiteElo "2301"]
[BlackElo "2364"]

1.e4 c5 2.Nf3 Nc6 3.d4 cxd4 4.Nxd4 e6 5.Nc3 Qc7 6.Be3 a6 7.Be2 Nf6 8.O-O Bb4
9.Na4 O-O 10.Nxc6 bxc6 11.Nb6 Rb8 12.Nxc8 Rfxc8 13.Bxa6 Rf8 14.Bd3 Bd6 15.b3 Bxh2+
16.Kh1 Be5 17.Rb1 Bc3 18.f4 e5 19.f5 d5 20.Bg5 Nxe4 21.Bxe4 dxe4 22.f6 g6
23.Qe2 Rfd8 24.Rbd1 Bb4 25.Qxe4 Bf8 26.c4 Rxd1 27.Rxd1 Rd8 28.Rd3 h6 29.Bh4 Rxd3
30.Qxd3 Qa5 31.a4 Qb4 32.Bf2 Qa3 33.Qc3 e4 34.c5 Qa2 35.Be3 Qb1+ 36.Bc1 h5
37.Kh2 Qa2 38.a5 Qe2 39.b4 Kh7 40.Qe3 Qc4 41.Bd2 Kg8 42.Bc3 Kh7 43.Qd4 Qe2
44.Qd8 Bh6 45.Be5 Qf2 46.Qd7 Qh4+ 47.Qh3 Qf2 48.a6 e3 49.Qg3 Qf1 50.a7 Qa6
51.Bb8 e2 52.Qf2 Bd2 53.Qxe2 Qxe2 54.a8=Q Qe4 55.Qa3 Bxb4 56.Qb3 Qh4+ 57.Kg1 Bxc5+
58.Kf1 Qxf6+ 59.Ke2 Qf2+ 60.Kd3 Qe3+ 61.Kc2 Qxb3+ 62.Kxb3 g5 63.Kc4 Bf2 64.Kd3 Kg6
65.Ke4 f5+ 66.Kf3 Bd4 67.g3 c5 68.Bc7 c4 69.Ba5 c3 70.Ke2 Be5  0-1

[Event "European Ind w Rapid 2012"]
[Site "Gaziantep TUR"]
[Date "2012.03.15"]
[Round "10"]
[White "Kosintseva,N"]
[Black "Lahno,Kateri"]
[Result "1/2-1/2"]
[WhiteElo "2535"]
[BlackElo "2546"]

1.e4 c5 2.Nf3 e6 3.d4 cxd4 4.Nxd4 Nc6 5.Nc3 Qc7 6.Be3 a6 7.Qd2 Nf6 8.O-O-O Bb4
9.f3 O-O 10.g4 Ne5 11.g5 Nh5 12.Kb1 Bxc3 13.Qxc3 Qxc3 14.bxc3 d5 15.Be2 Ng6
16.Nb3 Nhf4 17.Bf1 dxe4 18.fxe4 e5 19.Rd6 Bg4 20.Rg1 Bf3 21.Nd2 Bh5 22.c4 Rac8
23.c5 Ne2 24.Bxe2 Bxe2 25.Nb3 Bf3 26.Nd2 Be2 27.Nb3 Bf3 28.Nd2  1/2-1/2

[Event "ch-CZE U20 2012"]
[Site "Kouty nad Desnou CZE"]
[Date "2012.03.15"]
[Round "8"]
[White "Kriebel,T"]
[Black "Kraus,To"]
[Result "1-0"]
[WhiteElo "2333"]
[BlackElo "2142"]

1.e4 c5 2.Nf3 e6 3.d4 cxd4 4.Nxd4 Nc6 5.Nc3 Qc7 6.Be2 a6 7.O-O Nf6 8.Kh1 Be7
9.f4 d6 10.a4 O-O 11.Be3 Re8 12.Bg1 Bd7 13.Nb3 b6 14.Bd3 Bc8 15.Qe1 Bb7 16.Qg3 g6
17.Rae1 Rac8 18.Nd4 Nh5 19.Qh3 Nxd4 20.Bxd4 e5 21.Be3 exf4 22.Bxf4 Nxf4 23.Rxf4 Bg5
24.Rf3 Re5 25.Ref1 Rf8 26.Qg3 f6 27.b3 Kg7 28.Bc4 Bxe4 29.Nxe4 Rxe4 30.Bxa6 Bh4
31.Qh3 Be1 32.Re3 Rxe3 33.Qxe3 Bc3 34.Qe6 Be5 35.Bc4 f5 36.Rd1 Qd8 37.h3 Qh4
38.Bd5 Qf4 39.Qe7+ Kh6 40.Qxf8+ Kg5 41.g3 Qf2 42.Qe7+ Kh6 43.Qh4+ Kg7 44.Bg2 f4
45.Qe7+ Kh6 46.Qf8+  1-0

[Event "Yerevan Armenia Spring 2012"]
[Site "Yerevan ARM"]
[Date "2012.03.15"]
[Round "7"]
[White "Asgarizadeh,A"]
[Black "Aghasaryan,R"]
[Result "0-1"]
[WhiteElo "2212"]
[BlackElo "2329"]

1.e4 c5 2.Nf3 e6 3.d4 cxd4 4.Nxd4 Nc6 5.Nc3 Qc7 6.Be3 Nf6 7.Be2 d6 8.O-O Be7
9.f4 O-O 10.Kh1 Nxd4 11.Qxd4 b6 12.Bf3 Bb7 13.Nb5 Qb8 14.c4 a6 15.Nc3 b5
16.cxb5 axb5 17.e5 Bxf3 18.Rxf3 Ng4 19.exd6 Bxd6 20.Rg3 h5 21.Ne4 Rd8 22.Ng5 Be7
23.Qe4 Bxg5 24.fxg5 Ra4 25.b4 Qa8 26.Qxa8 Rdxa8 27.h3 Nxe3 28.Rxe3 Kh7 29.Rc1 Rxb4
30.Rf3 Ra7 31.Rc5 Kg6 32.a3 Rb2 33.Kh2 Rd7 34.Rg3 Rd4 35.Re5 h4 36.Rg4 Rxg4
37.hxg4 Rb3 38.Rc5 Rxa3 39.Rxb5 Rg3  0-1

[Event "European Ind w Rapid 2012"]
[Site "Gaziantep TUR"]
[Date "2012.03.16"]
[Round "7"]
[White "Kosteniuk,A"]
[Black "Dzagnidze,N"]
[Result "1-0"]
[WhiteElo "2448"]
[BlackElo "2559"]

1.e4 c5 2.Nf3 e6 3.d4 cxd4 4.Nxd4 Nc6 5.Nc3 Qc7 6.Be2 a6 7.O-O Nf6 8.Be3 d6
9.f4 Be7 10.Qe1 Bd7 11.Qg3 g6 12.Rae1 h5 13.e5 dxe5 14.Nxc6 Bxc6 15.fxe5 Ng4
16.Bxg4 hxg4 17.Qf4 Rh7 18.Rd1 g5 19.Qg3 Rd8 20.Rxd8+ Bxd8 21.Bd4 Qa5 22.Qd3 Rh6
23.Qe3 Qb4 24.b3 Be7 25.a4 Rh4 26.g3 Rh7 27.Nd1 Qa5 28.c4 Bf3 29.Bb6 Qb4
30.Nf2 Qa3 31.Qd3 Rh8 32.Bd4 Kf8 33.Qe3 Kg7 34.Ra1 Qb4 35.a5 Bc6 36.Nxg4 Rd8
37.Nf6 Bxf6 38.exf6+ Kg6 39.h4 gxh4 40.gxh4 Kh7 41.Qe5 Rg8+ 42.Kf1 Rg2 43.Qe3 Qd2
44.Qxd2 Rxd2 45.Be3 Rd3 46.Ke2 Rxb3 47.Rg1 Rb2+ 48.Bd2 Kh8 49.Rg7 Be8 50.h5 Rb1
51.h6 Rh1 52.Bf4 Rh5 53.Ke3 Rh4 54.c5 Rh5 55.Bg5 Bc6 56.Kf4 Be8 57.Ke5 Rh1
58.Kd6 Rd1+ 59.Ke7 Bc6 60.Kxf7 e5 61.Ke6 e4 62.f7 Bd5+ 63.Ke7 Bxf7 64.Rxf7  1-0

[Event "European Ind w Rapid 2012"]
[Site "Gaziantep TUR"]
[Date "2012.03.16"]
[Round "7"]
[White "Bulmaga,I"]
[Black "Javakhishvili,L"]
[Result "1-0"]
[WhiteElo "2307"]
[BlackElo "2448"]

1.e4 c5 2.Nf3 e6 3.d4 cxd4 4.Nxd4 Nc6 5.Nc3 Qc7 6.Be2 a6 7.Be3 Nf6 8.a3 d6
9.f4 Be7 10.g4 Nd7 11.h4 h6 12.Qd2 Na5 13.O-O-O Nc4 14.Bxc4 Qxc4 15.g5 h5
16.g6 Nf6 17.gxf7+ Kxf7 18.f5 e5 19.Ne6 Bxe6 20.fxe6+ Qxe6 21.Bg5 Rac8 22.Rdf1 Rc4
23.Rf3 Rhc8 24.Rhf1 Kg8 25.Bxf6 Bxf6 26.Rxf6 gxf6 27.Qh6 Qg4 28.Qxf6 R4c7
29.Nd5 Rxc2+ 30.Kb1 Rxb2+ 31.Kxb2 Qe2+ 32.Ka1  1-0

[Event "TCh-CAT 2012"]
[Site "Catalunya ESP"]
[Date "2012.03.17"]
[Round "8.5"]
[White "Lillo Castay,V"]
[Black "Escandell,J"]
[Result "1/2-1/2"]
[WhiteElo "2287"]
[BlackElo "2273"]

1.e4 c5 2.Nf3 Nc6 3.d4 cxd4 4.Nxd4 e6 5.Nc3 Qc7 6.f4 a6 7.Nxc6 Qxc6 8.Bd3 b5
9.Qe2 Bb7 10.Bd2 Be7 11.a3 Nf6 12.O-O-O O-O 13.Kb1 Rfe8 14.e5 Nd5 15.Ne4 f5
16.exf6 Nxf6 17.Nxf6+ Bxf6 18.Rhg1 Rac8 19.h4 e5 20.fxe5 Bxe5 21.Rde1 Qe6
22.Qh5 g6 23.Qd1 Qf6 24.Bg5 Qg7 25.c3 Bd5 26.Be4 Bxe4+ 27.Rxe4 d6 28.g4 Rf8
29.Qd2 Qf7 30.Bh6 Qf2 31.Rd1 Qxd2 32.Rxd2 Rf1+ 33.Kc2 Kf7 34.a4 Rc4 35.Rde2 Ke6
36.axb5 axb5 37.Kd3 Kd5 38.Bd2 Rf3+ 39.R4e3 Rxe3+ 40.Bxe3 Rxg4 41.Bg5 Rg3+  1/2-1/2

[Event "e2e4 High Wycombe Open"]
[Site "High Wycombe ENG"]
[Date "2012.03.17"]
[Round "3"]
[White "Smati,R"]
[Black "Simmons,J"]
[Result "1/2-1/2"]
[WhiteElo "2057"]
[BlackElo "2006"]

1.e4 c5 2.Nf3 e6 3.d4 cxd4 4.Nxd4 Nc6 5.Nc3 Qc7 6.g3 a6 7.Nb3 Nf6 8.Bg2 Be7
9.O-O O-O 10.Bf4 d6 11.a4 Ne5 12.Nd2 b6 13.Qe2 Bb7 14.Rfe1 Rfc8 15.Rad1 Bc6
16.h3 Qb7 17.g4 b5 18.axb5 axb5 19.Qe3 Be8  1/2-1/2

[Event "ch-St Petersburg w 2012"]
[Site "St Petersburg RUS"]
[Date "2012.03.17"]
[Round "1"]
[White "Chuprova,Irina"]
[Black "Chernyak,Viktoria"]
[Result "1/2-1/2"]
[WhiteElo "1890"]
[BlackElo "1869"]

1.e4 c5 2.Nf3 e6 3.d4 cxd4 4.Nxd4 Nc6 5.Nc3 Nf6 6.Be2 d6 7.O-O Be7 8.Be3 a6
9.f4 O-O 10.a4 Bd7 11.Bf3 Qc7 12.Kh1 Rac8 13.g4 Nxd4 14.Bxd4 e5 15.Be3 exf4
16.Bxf4 Be6 17.Qe1 Nd7 18.Rd1 Ne5 19.Bxe5 dxe5 20.Nd5 Bxd5 21.exd5 Bd6 22.Be4 Qe7
23.Rd3 g6 24.Rb3 Rc4 25.Rbf3 Rxa4 26.b3 Rb4 27.Rf6 Qc7 28.R1f3 Be7 29.g5 Bxf6
30.gxf6 Rb6 31.Qh4 Qd8 32.Rh3 h5 33.Rf3 Qd6 34.Qg5 Qb4 35.Re3 Qd2 36.Bxg6 Qd1+
37.Kg2 Qg4+ 38.Qxg4 hxg4 39.Bf5 Rxf6 40.Rxe5 Rd8 41.Bxg4 Rfd6 42.c4 b5 43.Kf2 Kg7
44.Ke3 Kf6 45.Kd4 bxc4 46.bxc4 Rb6 47.Rf5+ Ke7 48.Be2 Rb2 49.Re5+ Kf6 50.Bd3 Rxh2
51.Rf5+ Ke7 52.c5 Rd2 53.d6+ Rxd6+ 54.cxd6+ Kxd6 55.Rf6+ Ke7 56.Rxa6 Rh2
57.Ke5 Rf2 58.Bf5 Re2+ 59.Be4 Rf2 60.Ra7+ Kf8 61.Bf5 Kg7 62.Ra6 Re2+ 63.Kf4 Rf2+
64.Kg5 Rg2+ 65.Bg4 Rf2 66.Kh4 Rf4 67.Ra5 Rf6 68.Bf5 Rh6+ 69.Kg5 Rh2 70.Ra3 Rg2+
71.Bg4 Rf2 72.Rg3 Rf6 73.Bf5 Rb6 74.Rh3 Kf8 75.Re3 Kg7 76.Rh3 Kf8 77.Rh8+ Kg7  1/2-1/2

[Event "ch-Moscow Final 2012"]
[Site "Moscow RUS"]
[Date "2012.03.18"]
[Round "9"]
[White "Eliseev,U"]
[Black "Stukopin,A"]
[Result "0-1"]
[WhiteElo "2473"]
[BlackElo "2485"]

1.e4 c5 2.Nf3 e6 3.d4 cxd4 4.Nxd4 Nc6 5.Nc3 Qc7 6.Be3 a6 7.Qd2 Nf6 8.O-O-O Bb4
9.f3 Ne7 10.Nde2 b5 11.g4 h6 12.Qe1 Bc5 13.Qf2 Bxe3+ 14.Qxe3 Bb7 15.Nd4 d5
16.e5 Nd7 17.f4 g5 18.Bxb5 axb5 19.Ncxb5 Qb6 20.fxg5 Ng6 21.gxh6 Ndxe5 22.Kb1 Ba6
23.Qb3 Bxb5 24.Nxb5 Nxg4 25.Rhe1 O-O 26.Rg1 Nxh6 27.h4 Kh7 28.Rg5 Nxh4 29.Qh3 Qxb5
30.Rh5 Qe2 31.Rxh6+ Kxh6 32.Qxh4+ Qh5 33.Qf4+ Kh7 34.Qc1 Ra4  0-1

[Event "TCh-SUI National A 2012"]
[Site "Switzerland SUI"]
[Date "2012.03.18"]
[Round "1.7"]
[White "Georgiadis,N"]
[Black "Kaenel,H"]
[Result "1/2-1/2"]
[WhiteElo "2311"]
[BlackElo "2358"]

1.e4 c5 2.Nf3 e6 3.d4 cxd4 4.Nxd4 Nc6 5.Nc3 Qc7 6.Be2 a6 7.O-O Nf6 8.Kh1 Nxd4
9.Qxd4 Bc5 10.Qd3 Be7 11.f4 d6 12.Bf3 O-O 13.a4 Bd7 14.e5 Ne8 15.Be3 Bc6
16.Bd4 Rd8 17.Qe3 Qc8 18.Bb6 Rd7 19.a5 Bd8 20.Bd4 Bxf3 21.Rxf3 Qc6 22.Rg3 d5
23.Na4 Qxc2 24.Nc5 Rc7 25.Rc1 Qf5 26.Qd2 g6 27.Rb3 Be7 28.h3 h5 29.Nxb7 Rc4
30.Rb6 Ng7 31.Rxc4 dxc4 32.Nd6 Qb1+ 33.Kh2 Nf5 34.Nxf5 Qxf5 35.Rxa6 Rd8 36.Qf2 Qe4
37.Ra7 Bb4 38.Bc3 Bxc3 39.bxc3 Rd1 40.h4 Rd3 41.a6 Rxc3 42.Rd7 Ra3 43.a7 c3
44.Qf3 Qxf3 45.gxf3 c2 46.Rc7 Rxa7 47.Rxc2 Kg7 48.Kg3 Ra4  1/2-1/2

[Event "13th EICC"]
[Site "Plovdiv BUL"]
[Date "2012.03.20"]
[Round "1.140"]
[White "Radulski,J"]
[Black "Ilic,SloS2"]
[Result "1-0"]
[WhiteElo "2552"]
[BlackElo "2160"]

1.e4 c5 2.Nc3 Nc6 3.Nf3 e6 4.d4 cxd4 5.Nxd4 d6 6.f4 Nf6 7.Nf3 Be7 8.Bd3 a6
9.O-O Qc7 10.a3 O-O 11.Qe1 Nd7 12.b4 b5 13.Bb2 Bf6 14.e5 dxe5 15.Ne4 Qb6+
16.Kh1 Be7 17.fxe5 Ra7 18.Nf6+ Nxf6 19.exf6 Bxf6 20.Qe4  1-0

[Event "13th EICC"]
[Site "Plovdiv BUL"]
[Date "2012.03.20"]
[Round "1.109"]
[White "Bulmaga,I"]
[Black "Mista,A"]
[Result "1-0"]
[WhiteElo "2307"]
[BlackElo "2587"]

1.e4 c5 2.Nf3 e6 3.d4 cxd4 4.Nxd4 Nc6 5.Nc3 d6 6.Be3 Nf6 7.Be2 Be7 8.Qd2 O-O
9.f3 a6 10.O-O-O Nxd4 11.Qxd4 b5 12.a3 Nd7 13.g4 Rb8 14.h4 Ne5 15.Bg5 f6
16.Be3 Bd7 17.Qd2 Qc7 18.f4 Nc6 19.g5 b4 20.axb4 Nxb4 21.gxf6 Qa5 22.Kb1 Bxf6
23.e5 Nd5 24.Nxd5 Rxb2+ 25.Kxb2 Rb8+ 26.Nb6 Rxb6+ 27.Bxb6 Qxb6+ 28.Ka2 dxe5
29.Qxd7 Qa5+ 30.Kb3 Qb6+ 31.Ka4  1-0

[Event "13th EICC"]
[Site "Plovdiv BUL"]
[Date "2012.03.20"]
[Round "1.34"]
[White "Kryvoruchko,Y"]
[Black "Arsovic,Z"]
[Result "1-0"]
[WhiteElo "2666"]
[BlackElo "2435"]

1.e4 c5 2.Nf3 e6 3.d4 cxd4 4.Nxd4 Nc6 5.Nc3 Qc7 6.Be3 Nf6 7.f4 Nxd4 8.Qxd4 Ng4
9.Bd2 Qc5 10.Qxc5 Bxc5 11.Bd3 Nf2 12.Rf1 Nxd3+ 13.cxd3 b6 14.Ke2 Bb7 15.Be3 Be7
16.a4 f5 17.exf5 exf5 18.a5 O-O 19.g3 Bc6 20.Rfb1 b5 21.a6 Rfe8 22.Kd2 Bb4
23.Bd4 d6 24.Re1 Rxe1 25.Rxe1 Kf7 26.Kc2 g6 27.Kb3 Ba5 28.Ra1 Bd8 29.Kb4 Ke6
30.h3 h5 31.Re1+ Kd7 32.Rg1 Ke6 33.g4 fxg4 34.hxg4 hxg4 35.Rxg4 Kf5 36.Rg1 Be7
37.Rc1 Bf3 38.Nxb5 d5+ 39.Ka4 Kxf4 40.Nxa7 g5 41.Rc8  1-0

[Event "13th EICC"]
[Site "Plovdiv BUL"]
[Date "2012.03.21"]
[Round "2.21"]
[White "Cheparinov,I"]
[Black "Jankovic,A"]
[Result "1/2-1/2"]
[WhiteElo "2664"]
[BlackElo "2553"]

1.e4 c5 2.Nf3 e6 3.d4 cxd4 4.Nxd4 Nc6 5.Nc3 Qc7 6.Be3 a6 7.Qd2 Nf6 8.O-O-O Nxd4
9.Qxd4 Ng4 10.Qb6 Qc6 11.Bd4 e5 12.Be3 Be7 13.Nd5 Bd8 14.Qb3 d6 15.Be2 Nxe3
16.Qxe3 O-O 17.Rd3 Be6 18.Rc3 Qd7 19.Rd1 Rc8 20.Rxc8 Qxc8 21.Kb1 Qc6 22.a3 Kh8
23.Rd3 f5 24.Bf3 Qc4 25.Nc3 f4 26.Qe2 Qc5 27.Nd5 Bb6 28.Rd2 Ba7 29.Bg4 Bf7
30.Qf3 Qc4 31.Rd3 b5 32.Qe2 Bd4 33.Rd2 Bxd5 34.exd5 Qc7 35.Rd3 a5 36.Rb3 b4
37.axb4 axb4 38.Rxb4 Qa7 39.c3 Bxf2 40.Kc2 Bc5 41.Rb3 Qa4 42.Bf3 Be3 43.Qb5 Qa1
44.Rb4 Qc1+ 45.Kb3 Bc5 46.Ra4 Qe1 47.Qb7 g6 48.Ka2 Qf2 49.h3 Qh4 50.Ra8 Rxa8+
51.Qxa8+ Kg7 52.Qb7+ Kh6 53.Qf7 Qd8 54.b4 Bf2 55.Kb3 Be1 56.Bg4 Qa8 57.Be6 Bxc3
58.Kxc3 Qa1+ 59.Kb3 Qd1+ 60.Kb2 Qd2+ 61.Ka3 Qd3+ 62.Kb2 Qd2+ 63.Ka3 Qd3+
64.Kb2 Qd2+  1/2-1/2

[Event "13th EICC"]
[Site "Plovdiv BUL"]
[Date "2012.03.21"]
[Round "2.64"]
[White "Givon,A"]
[Black "Shimanov,A"]
[Result "1/2-1/2"]
[WhiteElo "2340"]
[BlackElo "2591"]

1.e4 c5 2.Nf3 e6 3.d4 cxd4 4.Nxd4 Nc6 5.Nc3 Qc7 6.Be2 Nf6 7.O-O Be7 8.Kh1 O-O
9.f4 d6 10.Be3 Nxd4 11.Qxd4 b6 12.Nb5 Qb8 13.c4 Bb7 14.Bf3 a6 15.Nc3 b5 16.e5 Bxf3
17.Rxf3 Ng4 18.exd6 Bxd6 19.Rg3 h5 20.Ne4 Bxf4 21.Nf6+ gxf6 22.Qxf4 Qxf4
23.Bxf4 Kh7 24.cxb5 axb5 25.Rb3 e5 26.Bg3 Rfb8 27.Rf1 Rb6 28.h3 Nh6 29.Bf2 Re6
30.a3 Rb8 31.a4 b4 32.Bc5 Ra6 33.Ra1 Rc8 34.Bxb4 Rb8 35.a5 Nf5 36.Ra4 e4
37.g4 hxg4 38.hxg4 Nh6 39.Rh3 Kg6 40.Rg3 f5  1/2-1/2

[Event "13th EICC"]
[Site "Plovdiv BUL"]
[Date "2012.03.22"]
[Round "3.121"]
[White "Macieja,B"]
[Black "Manea,Al"]
[Result "1-0"]
[WhiteElo "2605"]
[BlackElo "2381"]

1.e4 c5 2.Nf3 e6 3.d4 cxd4 4.Nxd4 Nc6 5.Nc3 Qc7 6.Be3 Nf6 7.f4 Bb4 8.Nb5 Qa5
9.e5 Nd5 10.Bd2 Nxc3 11.Bxc3 Bxc3+ 12.Nxc3 O-O 13.Qd6 b5 14.Bd3 Rb8 15.Bxh7+ Kxh7
16.Qxf8  1-0

[Event "13th EICC"]
[Site "Plovdiv BUL"]
[Date "2012.03.22"]
[Round "3.119"]
[White "Goumas,G"]
[Black "Mastrovasilis,D"]
[Result "1/2-1/2"]
[WhiteElo "2398"]
[BlackElo "2631"]

1.e4 c5 2.Nf3 e6 3.d4 cxd4 4.Nxd4 Nc6 5.Nc3 a6 6.Be3 Nf6 7.Nxc6 bxc6 8.e5 Nd5
9.Nxd5 cxd5 10.Bd3 Rb8 11.O-O Rxb2 12.Bd4 Rb8 13.f4 Qa5 14.Qg4 Bc5 15.Bxc5 Qxc5+
16.Kh1 g6 17.Rab1 Rxb1 18.Rxb1 d6 19.h4 dxe5 20.fxe5 Qe3 21.Qb4 Qxe5 22.Bxa6 Bxa6
23.Qb8+ Qxb8 24.Rxb8+ Kd7 25.Rxh8 h5 26.Ra8 Bb7 27.Rf8 Ke7 28.Rb8 Bc6 29.c3 e5
30.Kg1 f6 31.Kf2 g5 32.hxg5 fxg5 33.Rg8 Kf6 34.Rh8 Kg6 35.Rc8 Ba4 36.Rc5 Kf5
37.Rxd5 h4 38.Ra5 Bc6 39.Ra6 Bd5 40.a4 g4 41.Rd6 g3+ 42.Kg1 Bc4 43.Rc6 Bd3
44.a5 e4 45.Rd6 Bc4 46.Rc6 Bd3 47.Rd6  1/2-1/2

[Event "TCh-CAT 2012"]
[Site "Catalunya ESP"]
[Date "2012.03.24"]
[Round "9.2"]
[White "Fluvia Poyatos,Joa"]
[Black "Fernandez Vicente,C"]
[Result "1-0"]
[WhiteElo "2490"]
[BlackElo "2165"]

1.e4 c5 2.Nf3 e6 3.d4 cxd4 4.Nxd4 Nc6 5.Nc3 Qc7 6.Be3 a6 7.Qd2 Bb4 8.Nxc6 bxc6
9.Qd4 Bf8 10.O-O-O e5 11.Qa4 Nf6 12.f3 Rb8 13.a3 Qb7 14.b4 Be7 15.Bc5 Bxc5
16.bxc5 O-O 17.Bc4 d5 18.cxd6 Qb6 19.Rd3 Nd7 20.Qb3 Qf2 21.Qa2 Qxg2 22.Re1 Qxh2
23.Na4 Kh8 24.c3 Qxa2 25.Bxa2 g6 26.Rd2 Kg7 27.Ree2 Re8 28.Rb2 f5 29.Rxb8 Nxb8
30.Nb6 Nd7 31.Nxc8 Rxc8 32.exf5 gxf5 33.Be6 Rd8 34.Bxf5 Kf6 35.Bxh7 Nc5 36.Rg2 Rxd6
37.Kc2 Kf7 38.Bg8+ Kf6 39.Rg4 Ne6 40.Ra4 Ng5 41.f4 exf4 42.Rxf4+ Ke5 43.Ra4 Ne4
44.Ra5+ c5 45.Bh7 Rc6 46.Kd3 Rd6+ 47.Kc2 Rc6 48.Kd3 Rd6+ 49.Ke3 Nxc3 50.Rxc5+ Nd5+
51.Kd3 Kf6 52.Kc4 Ne7 53.Be4 Ke6 54.Bc2 Rc6 55.Ba4 Rxc5+ 56.Kxc5 Nc8 57.Kc6 Na7+
58.Kb6 Nb5 59.Bb3+ Kd6 60.a4 Nd4 61.Bd1 Ne6 62.a5 Nd4 63.Ba4 Ne6 64.Be8 Nc5
65.Bf7 Nd7+ 66.Kxa6 Kc7 67.Bd5 Kb8 68.Bc6 Nc5+ 69.Kb6 Ne6 70.a6 Nc7 71.a7+ Kc8
72.Bf3 Kd8 73.Bg4 Na8+ 74.Kb7 Nc7 75.Bh3  1-0

[Event "13th EICC"]
[Site "Plovdiv BUL"]
[Date "2012.03.24"]
[Round "5.46"]
[White "Iordachescu,V"]
[Black "Pap,G"]
[Result "1/2-1/2"]
[WhiteElo "2644"]
[BlackElo "2538"]

1.e4 c5 2.Nf3 e6 3.Nc3 Nc6 4.d4 cxd4 5.Nxd4 Qc7 6.Be2 a6 7.O-O Nf6 8.Kh1 Bb4
9.Qd3 Qd6 10.Nxc6 dxc6 11.Qe3 e5 12.Na4 Qe7 13.Qg3 O-O 14.Bh6 Ne8 15.Nb6 Rb8
16.Rad1 Kh8 17.Bg5 f6 18.Nxc8 Rxc8 19.Bg4 Rd8 20.Rxd8 Qxd8 21.Be3 Nd6 22.a3 Ba5
23.Rd1 Qb8 24.Qf3 Rd8 25.h4 Nc4 26.Bc1 Rxd1+ 27.Qxd1 Qd8 28.Qxd8+ Bxd8 29.Be6 Nd6
30.f3 Bb6 31.h5 h6 32.g3 Kh7 33.Bd2 g6 34.Bb4 Bc7 35.hxg6+ Kxg6 36.Kg2 a5
37.Bd2 h5 38.Bd7 Nc4 39.Be8+ Kg7 40.Bc1 Bb6 41.b3  1/2-1/2